| 000 | 01781nam0a22003851 4500 | ||
|---|---|---|---|
| 001 | v19\rc\1991891 | ||
| 005 | 20251118181405.7 | ||
| 035 | _a(NLR Aleph) 005087551 | ||
| 090 |
_a7262210 _c7262210 |
||
| 100 | _a20080811d1915 u y0rusy50 ca | ||
| 101 | 1 |
_arus _cger |
|
| 102 | _aRU | ||
| 105 | _ay z ||||| | ||
| 200 | 1 |
_aСудный час Германии _e[Пер. с нем.] _fГ. Фробениус, обер-лейт. герм. армии |
|
| 210 |
_aПетроград _cтип. Е.М. Малаховского _d1915 |
||
| 215 |
_a95 с. _d21 |
||
| 300 | _aЗагл. ориг.: Des deutschen Reiches Schicksalsstunde | ||
| 300 | _aПер. также под загл.: Решающий момент судьбы Германской империи; Роковой час Германии; Судный час Германской империи | ||
| 451 | 0 |
_12001#$aРешающий момент судьбы Германской империи _tРешающий момент судьбы Германской империи |
|
| 451 | 0 |
_12001#$aРоковой час Германии _tРоковой час Германии |
|
| 451 | 0 |
_12001#$aСудный час Германской империи _tСудный час Германской империи |
|
| 454 | 0 |
_12001#$aDes deutschen Reiches Schicksalsstunde _tDes deutschen Reiches Schicksalsstunde |
|
| 700 | 1 |
_aФробениус _bГ. _f1841-1916 _gГерман |
|
| 801 | 0 |
_aRU _bNLR _gpsbo |
|
| 801 | 0 |
_aRU _bRuMoRGB _2psbo |
|
| 801 | 1 |
_aRU _bProSoft-M _2rusmarc |
|
| 852 |
_aNLR _jИ24/Б-4/10 |
||
| 899 |
_aRuMoRGB _jV 65/414 |
||
| 899 |
_aRuMoRGB _jU 290/314 |
||
| 899 |
_aRuMoRGB _jU 251/369 |
||
| 899 | _aБАН | ||
| 899 | _aГПИБ | ||
| 899 | _aНБ МГУ | ||
| 942 | _cBOOK | ||
| 980 | _aNB | ||